Thinking strategically: the major powers, Kazakhstan, and the central Asia nexus (Record no. 22217)

MARC details
000 -LEADER
fixed length control field 00396nam a2200133Ia 4500
082 ## - DEWEY DECIMAL CLASSIFICATION NUMBER
Classification number 958 THI-
245 #0 - TITLE STATEMENT
Title Thinking strategically: the major powers, Kazakhstan, and the central Asia nexus
260 ## - PUBLICATION, DISTRIBUTION, ETC. (IMPRINT)
Place of publication Cambridge
Name of publisher American Academy of Arts and Sciences
Year of publication 2003
300 ## - PHYSICAL DESCRIPTION
Number of Pages xii, 243
504 ## - BIBLIOGRAPHY, ETC. NOTE
Bibliography, etc includes index
650 ## - SUBJECT ADDED ENTRY--TOPICAL TERM
Topical Term Asia, Central
Form subdivision Politics
700 ## - ADDED ENTRY--PERSONAL NAME
Personal name Legvold, Robert
942 ## - ADDED ENTRY ELEMENTS (KOHA)
Koha item type Books
Holdings
Withdrawn status Lost status Damaged status Not for loan Collection code Home library Current library Date acquired Bill Date Full call number Accession Number Price effective from Koha item type
        Docas Books NASSDOC Library NASSDOC Library 20/09/2016 2006-01-04 958 THI- D002256 18/04/2019 Books